[Event "Ctopor Equipos de Aragon  Preferente II "]
[Site "?"]
[Date "2026.01.31"]
[Round "2.68"]
[White "De Francisco Gracia, Diego"]
[Black "Rene Villalba, Mireia"]
[Result "1-0"]
[WhiteElo "1894"]
[BlackElo "1812"]
[PlyCount "89"]
[GameId "2276814096877343"]
[EventDate "2026.01.24"]
[WhiteTeam "Marcos Frechin B"]
[BlackTeam "Iberajedrez Mundo 64 B"]

1. e4 c5 2. c3 Nf6 3. e5 Nd5 4. d4 cxd4 5. cxd4 d6 6. Nf3 Nc6 7. Bc4 Nb6 8. Bb5 d5 9. Nc3 Bg4 10. h3 Bh5 11. g4 Bg6 12. e6 f6 13. Nh4 Qd6 14. Qe2 O-O-O 15. Bxc6 bxc6 16. Nxg6 hxg6 17. b3 Qb4 18. Bd2 Qxd4 19. O-O-O g5 20. Kb2 Qc5 21. Qa6+ Kb8 22. Be3 Qb4 23. a3 Nc4+ 24. Qxc4 Qxc4 25. bxc4 g6 26. cxd5 cxd5 27. Rxd5 Bg7 28. Rhd1 Rxd5 29. Rxd5 Rc8 30. Rd7 f5 31. Bxa7+ Ka8 32. Bd4 Bxd4 33. Rxd4 fxg4 34. hxg4 Rf8 35. Rd7 Rxf2+ 36. Kb3 Rf3 37. Rxe7 Re3 38. Kc4 Kb8 39. Kd4 Re1 40. Ne4 Kc8 41. Ke5 Kd8 42. Rd7+ Ke8 43. Ra7 Rf1 44. Nf6+ Kd8 45. e7+ 1-0

[Event "Ctopor Equipos de Aragon  Preferente II "]
[Site "?"]
[Date "2026.01.31"]
[Round "2.69"]
[White "Muro Guerrero, Miguel"]
[Black "Gomez Salinas, Nestor"]
[Result "1-0"]
[WhiteElo "2109"]
[BlackElo "1940"]
[PlyCount "119"]
[GameId "2276814096885536"]
[EventDate "2026.01.24"]
[WhiteTeam "Dr. Azua"]
[BlackTeam "Palacio De Pioneros B"]

1. e4 c5 2. Nf3 d6 3. d4 cxd4 4. Nxd4 Nf6 5. Nc3 a6 6. Be2 e5 7. Nb3 Be7 8. a4 Be6 9. Bf3 Bc4 10. Nd2 Be6 11. O-O d5 12. exd5 Nxd5 13. Nxd5 Bxd5 14. c4 Bc6 15. Qe2 Qc7 16. Re1 Nd7 17. Bxc6 Qxc6 18. f4 Bc5+ 19. Kh1 O-O-O 20. fxe5 Bb4 21. Rd1 Bxd2 22. Bxd2 Rhe8 23. Bf4 Re6 24. b4 Rde8 25. c5 Nxe5 26. b5 Qc7 27. c6 b6 28. Rac1 a5 29. Rd7 Qb8 30. Qd1 Nd3 31. Bxb8 Nf2+ 32. Kg1 Nxd1 33. Rcxd1 Kxb8 34. Rd8+ Rxd8 35. Rxd8+ Kc7 36. Rd7+ Kc8 37. Rxf7 Re4 38. Rxg7 h5 39. Rb7 Rxa4 40. Rxb6 Rb4 41. Kf2 a4 42. Ra6 Kc7 43. Ra7+ Kc8 44. Kg3 Rg4+ 45. Kh3 Rb4 46. g3 Kb8 47. c7+ Kc8 48. b6 Rxb6 49. Rxa4 Kxc7 50. Ra5 Kd7 51. Rxh5 Ke7 52. Rf5 Ke6 53. Rf2 Rb8 54. g4 Rb1 55. Kh4 Rg1 56. Kg5 Ra1 57. h4 Ra5+ 58. Kg6 Ra4 59. Re2+ Kd7 60. Kh5 1-0

[Event "Ctopor Equipos de Aragon  Preferente II "]
[Site "?"]
[Date "2026.01.31"]
[Round "2.70"]
[White "Caballero Ortin, Jorge"]
[Black "Garcia Garcia, Enrique"]
[Result "1-0"]
[WhiteElo "1908"]
[BlackElo "1886"]
[PlyCount "83"]
[GameId "2276814096893729"]
[EventDate "2026.01.24"]
[WhiteTeam "Palacio De Pioneros B"]
[BlackTeam "Dr. Azua"]

1. e4 e5 2. Nf3 Nc6 3. Nc3 Nf6 4. Bb5 Bd6 5. d3 h6 6. O-O O-O 7. Be3 Ng4 8. h3 Nxe3 9. fxe3 Ne7 10. Nh4 Nd5 11. Nf5 Nxc3 12. bxc3 Bc5 13. d4 exd4 14. cxd4 Bb6 15. Qg4 Qg5 16. Qxg5 hxg5 17. Ne7+ Kh7 18. Nxc8 Raxc8 19. Bxd7 Rcd8 20. Ba4 Ba5 21. Rad1 Bb4 22. Rd3 b6 23. a3 Be7 24. e5 f6 25. e6 a6 26. Bd7 Rxd7 27. exd7 Rd8 28. a4 a5 29. Rc3 Rxd7 30. Rc6 Bd6 31. Rb1 Kg6 32. Rb5 Kf7 33. Kf2 Ke7 34. c3 g6 35. e4 Bf4 36. Rd5 Rxd5 37. exd5 Bd6 38. c4 Kd7 39. c5 bxc5 40. dxc5 Be7 41. Ke3 f5 42. Kd4 1-0

[Event "Ctopor Equipos de Aragon  Preferente II "]
[Site "?"]
[Date "2026.01.31"]
[Round "2.71"]
[White "Abenia Porroche, Roberto"]
[Black "Crespo Laborda, Alberto"]
[Result "1/2-1/2"]
[WhiteElo "1812"]
[BlackElo "1898"]
[PlyCount "107"]
[GameId "2276814096901922"]
[EventDate "2026.01.24"]
[WhiteTeam "Dr. Azua"]
[BlackTeam "Palacio De Pioneros B"]

1. d4 Nf6 2. Nf3 e6 3. g3 b5 4. Bg2 Bb7 5. O-O d5 6. Ne5 Nbd7 7. Bg5 Be7 8. Nxd7 Qxd7 9. Nd2 h6 10. Bxf6 Bxf6 11. e3 c5 12. Nb3 cxd4 13. Nc5 Qc7 14. exd4 Bc6 15. b4 O-O 16. f4 a5 17. a3 axb4 18. axb4 Rxa1 19. Qxa1 Ra8 20. Qb2 Qa7 21. Qc3 Qb6 22. Ra1 Ra4 23. Qb2 Qa7 24. Rxa4 bxa4 25. c3 a3 26. Qa2 Bb5 27. Bf1 Bc4 28. Bxc4 dxc4 29. Ne4 Qa4 30. Nd2 Qd1+ 31. Kf2 Qc1 32. Nxc4 Qxc3 33. Nxa3 Bxd4+ 34. Kg2 Qxb4 35. Nc2 Qb7+ 36. Kh3 Bg1 37. Ne1 Qe4 38. Qd2 Be3 39. Qd8+ Kh7 40. Qd3 Qxd3 41. Nxd3 g5 42. Kg4 Bd2 43. Kf3 gxf4 44. gxf4 f6 45. Nc5 e5 46. fxe5 fxe5 47. Nd3 Bc3 48. Ke4 Kg6 49. Nxe5+ Bxe5 50. Kxe5 Kg5 51. Ke4 Kg4 52. Ke3 Kh3 53. Kf3 Kxh2 54. Kg4 1/2-1/2

[Event "Ctopor Equipos de Aragon  Preferente II "]
[Site "?"]
[Date "2026.01.31"]
[Round "2.72"]
[White "Uceda Mazon, Alejandro"]
[Black "De Francisco Torres, Javier"]
[Result "1-0"]
[WhiteElo "1723"]
[BlackElo "1566"]
[PlyCount "59"]
[GameId "2276814096910115"]
[EventDate "2026.01.24"]
[WhiteTeam "Palacio De Pioneros B"]
[BlackTeam "Dr. Azua"]

1. d4 Nf6 2. c4 d6 3. Nf3 g6 4. Nc3 Bg7 5. e4 O-O 6. Be2 Nbd7 7. O-O e5 8. d5 Nc5 9. Qc2 Nh5 10. Nd2 Nf4 11. b4 Nd7 12. Nb3 Nxe2+ 13. Qxe2 f5 14. f3 Nf6 15. c5 fxe4 16. fxe4 Bg4 17. Qe1 Qd7 18. Qh4 Qe7 19. Bg5 b6 20. Bxf6 Bxf6 21. Qxg4 bxc5 22. bxc5 dxc5 23. Na4 c4 24. Nbc5 Bg5 25. Qe6+ Kh8 26. Qxe7 Bxe7 27. Rac1 Bg5 28. Rc3 Rab8 29. Rxf8+ Rxf8 30. Ne6 1-0

[Event "Cto por Equipos de Aragon Division de Ho"]
[Site "?"]
[Date "2026.02.07"]
[Round "3.1"]
[White "Ramiro Ovejero, Juan Luis"]
[Black "Quintin Navarro, Alberto"]
[Result "1/2-1/2"]
[WhiteElo "2334"]
[BlackElo "2360"]
[PlyCount "89"]
[GameId "2276814096914212"]
[EventDate "2026.01.24"]
[WhiteTeam "Maristas"]
[BlackTeam "MyInvestor Casablanca A"]

1. d4 Nf6 2. Nf3 d5 3. c4 c6 4. cxd5 cxd5 5. Nc3 Nc6 6. Bf4 a6 7. e3 Bg4 8. Qb3 Na5 9. Qa4+ Bd7 10. Qc2 Rc8 11. Bd3 e6 12. a3 Be7 13. O-O O-O 14. Ne5 Bb5 15. Bxb5 axb5 16. Qe2 b4 17. axb4 Bxb4 18. Qb5 Bxc3 19. bxc3 Nc4 20. Qxb7 Nxe5 21. Bxe5 Ne4 22. Rfc1 Rxc3 23. Rxc3 Nxc3 24. f3 Qc8 25. Qxc8 Rxc8 26. Bd6 h5 27. Kf2 Rc4 28. Ra5 Nd1+ 29. Ke2 Nb2 30. Rc5 Ra4 31. Rc2 Nc4 32. Bc5 Ra1 33. Kf2 Kh7 34. e4 g5 35. h3 Kg6 36. Re2 f5 37. exd5 exd5 38. Re6+ Kf7 39. Re7+ Kf6 40. Ra7 Rxa7 41. Bxa7 f4 42. Bb8 Kf5 43. Bc7 g4 44. hxg4+ hxg4 45. g3 1/2-1/2

[Event "Cto por Equipos de Aragon Division de Ho"]
[Site "?"]
[Date "2026.02.07"]
[Round "3.2"]
[White "Adla, Diego"]
[Black "Ramo Frontinan, Cristobal"]
[Result "1-0"]
[WhiteElo "2379"]
[BlackElo "2246"]
[PlyCount "69"]
[GameId "2276814096922405"]
[EventDate "2026.01.24"]
[WhiteTeam "MyInvestor Casablanca A"]
[BlackTeam "Maristas"]

1. e4 e5 2. Nf3 Nf6 3. Nc3 d6 4. d4 Nbd7 5. Rg1 g6 6. g4 c6 7. g5 Nh5 8. Be3 b5 9. a4 b4 10. Ne2 a5 11. Qd2 Ba6 12. O-O-O Qc7 13. b3 Be7 14. Ng3 Nxg3 15. hxg3 Bxf1 16. Rgxf1 c5 17. dxe5 dxe5 18. Qd5 Rc8 19. Rd2 Rd8 20. Rfd1 Rf8 21. Qc4 f5 22. gxf6 Rxf6 23. Ng5 Nf8 24. f4 Rxd2 25. Rxd2 exf4 26. gxf4 Qc6 27. e5 Rf5 28. Ne4 Qe6 29. Qb5+ Kf7 30. Ng3 Rxe5 31. fxe5 Qxe5 32. Rf2+ Kg7 33. Qd3 Bf6 34. Ne4 Bh4 35. Rf1 1-0

[Event "Cto por Equipos de Aragon Division de Ho"]
[Site "?"]
[Date "2026.02.07"]
[Round "3.3"]
[White "Newrkla, Katharina"]
[Black "Glavina, Pablo"]
[Result "0-1"]
[WhiteElo "2231"]
[BlackElo "2341"]
[PlyCount "144"]
[GameId "2276814096926502"]
[EventDate "2026.01.24"]
[WhiteTeam "Maristas"]
[BlackTeam "MyInvestor Casablanca A"]

1. e4 e5 2. Nf3 Nc6 3. Bb5 a6 4. Ba4 Nf6 5. O-O Bc5 6. c3 b5 7. Bb3 d6 8. a4 Bg4 9. h3 Bxf3 10. Qxf3 Na5 11. Bc2 b4 12. Qd1 Rb8 13. d4 b3 14. dxc5 bxc2 15. Qxc2 Nb3 16. Ra3 Nxc5 17. Nd2 Qd7 18. b4 Ne6 19. a5 c5 20. Nc4 cxb4 21. cxb4 Nd4 22. Qd3 O-O 23. Bg5 Rxb4 24. Bxf6 gxf6 25. Qg3+ Kh8 26. Qh4 Qe6 27. Ne3 f5 28. exf5 Ne2+ 29. Kh2 Rxh4 30. fxe6 fxe6 31. Ng4 Nd4 32. Rc1 Rh5 33. Rac3 Rhf5 34. Rc7 h5 35. Ne3 R5f7 36. f3 Kg7 37. Rxf7+ Rxf7 38. Rc8 Nb5 39. Nc4 Kf6 40. Rc6 d5 41. Nd2 Ra7 42. h4 Ke7 43. Rc8 Rc7 44. Rh8 Rc2 45. Nf1 Nd4 46. Rxh5 Nxf3+ 47. Kg3 Nd4 48. Rxe5 Kf6 49. Re1 Nf5+ 50. Kh3 d4 51. h5 d3 52. g4 Nd4 53. Rd1 Ne2 54. Kh4 Nf4 55. g5+ Kf7 56. Ne3 Re2 57. Ng4 d2 58. g6+ Kg7 59. Rb1 Nxg6+ 60. hxg6 Re1 61. Rb7+ Kxg6 62. Nf2 Rf1 63. Rd7 Rxf2 64. Kg3 Rf5 65. Rxd2 Rxa5 66. Kf4 Kf6 67. Rd8 Ra4+ 68. Ke3 Ke5 69. Rb8 Ra3+ 70. Ke2 a5 71. Rb6 Kf5 72. Rb8 Ke4 0-1

[Event "Cto por Equipos de Aragon Division de Ho"]
[Site "?"]
[Date "2026.02.07"]
[Round "3.4"]
[White "Atares Buisan, Sergio"]
[Black "Naya Sancho, Jose Ignacio"]
[Result "1-0"]
[WhiteElo "2193"]
[BlackElo "2057"]
[PlyCount "91"]
[GameId "2276814096934695"]
[EventDate "2026.01.24"]
[WhiteTeam "MyInvestor Casablanca A"]
[BlackTeam "Maristas"]

1. e4 c6 2. Nc3 d5 3. Nf3 dxe4 4. Nxe4 Nf6 5. Qe2 Nxe4 6. Qxe4 Qd5 7. Qf4 Qd6 8. Qe3 Qe6 9. b3 Qxe3+ 10. fxe3 Bf5 11. Bb2 Nd7 12. O-O-O e6 13. Be2 Be7 14. Rdg1 Bf6 15. d4 h5 16. Re1 Bg4 17. e4 O-O-O 18. h3 Bxf3 19. Bxf3 e5 20. d5 c5 21. g4 Bg5+ 22. Kb1 h4 23. Be2 f6 24. Bd3 Nf8 25. Rd1 Ng6 26. Ba3 b6 27. b4 cxb4 28. Ba6+ Kb8 29. Bxb4 Be3 30. Rd3 Bd4 31. Rb3 Ka8 32. c3 Be3 33. Re1 Bf2 34. Rf1 Be3 35. c4 Bd4 36. c5 bxc5 37. Ba5 Rb8 38. d6 c4 39. Bxc4 Rxb3+ 40. axb3 Bb6 41. Bb4 Nf4 42. Ba6 Nxh3 43. Rc1 Nf2 44. d7 Rb8 45. Rc8 h3 46. Bd6 1-0

[Event "Cto por Equipos de Aragon Division de Ho"]
[Site "?"]
[Date "2026.02.07"]
[Round "3.5"]
[White "Lana Rodriguez, David"]
[Black "Garza Marco, Sergio"]
[Result "1-0"]
[WhiteElo "2340"]
[BlackElo "2381"]
[PlyCount "123"]
[GameId "2276814096942888"]
[EventDate "2026.01.24"]
[WhiteTeam "Marcos Frechin"]
[BlackTeam "Helios"]

1. e4 c5 2. Nf3 d6 3. c3 Nf6 4. Bc4 e6 5. O-O Nc6 6. d4 cxd4 7. cxd4 d5 8. exd5 exd5 9. Bb5 Be7 10. Ne5 Bd7 11. Nc3 O-O 12. Bg5 Rc8 13. Re1 Be6 14. Rc1 Na5 15. Na4 Nc4 16. b3 Nd6 17. Bd3 Rxc1 18. Qxc1 Nde4 19. Be3 Bb4 20. Re2 Qe7 21. f3 Nd6 22. Bg5 h6 23. Bh4 Rc8 24. Rc2 Rxc2 25. Qxc2 Ba5 26. Qc5 Qc7 27. g4 Nc8 28. Bg3 Qd8 29. b4 Bb6 30. Nxb6 axb6 31. Qc3 Nd6 32. b5 Qa8 33. Qc7 Nfe8 34. Qe7 Qc8 35. Kg2 Nc4 36. Nxc4 dxc4 37. Be4 Qd7 38. Qxd7 Bxd7 39. a4 Bc8 40. Bd5 c3 41. Bb3 Nf6 42. d5 h5 43. h3 hxg4 44. hxg4 Kf8 45. Be5 c2 46. Bb2 Ke7 47. Ba3+ Kd8 48. Kf2 Kc7 49. Ke3 c1=Q+ 50. Bxc1 Nd7 51. Kd4 Nc5 52. Bc2 Kd8 53. Bf4 Nd7 54. Bd6 Nf6 55. Bf8 Ne8 56. Ke5 f6+ 57. Kd4 g5 58. Bg6 Bd7 59. Ke4 Kc7 60. Bf5 Bxf5+ 61. Kxf5 Kd8 62. d6 1-0

[Event "Cto por Equipos de Aragon Division de Ho"]
[Site "?"]
[Date "2026.02.07"]
[Round "3.6"]
[White "Torcal Miguel, Oscar"]
[Black "Hinojar Basa, Alfonso"]
[Result "0-1"]
[WhiteElo "2133"]
[BlackElo "2152"]
[PlyCount "66"]
[GameId "2276814096951081"]
[EventDate "2026.01.24"]
[WhiteTeam "Helios"]
[BlackTeam "Marcos Frechin"]

1. c4 e6 2. g3 d5 3. Bg2 Nf6 4. Nf3 Be7 5. O-O O-O 6. b3 c6 7. Bb2 b5 8. d3 Bb7 9. Nbd2 Qb6 10. e4 bxc4 11. bxc4 Qxb2 12. Rb1 Qxa2 13. Rxb7 dxe4 14. dxe4 Qa3 15. Qa1 Rd8 16. e5 Nfd7 17. Ne4 Qxa1 18. Rxa1 a5 19. Nd4 Kf8 20. Nb3 a4 21. f4 Ra6 22. Nbd2 Nc5 23. Rbb1 Nbd7 24. Rd1 Nb6 25. Kf1 Nxe4 26. Bxe4 Bb4 27. Bxc6 Rxd2 28. Rxd2 Bxd2 29. Rd1 Nxc4 30. Bb5 Ne3+ 31. Ke2 Nxd1 32. Bxa6 a3 33. Bc4 Nb2 0-1

[Event "Cto por Equipos de Aragon Division de Ho"]
[Site "?"]
[Date "2026.02.07"]
[Round "3.7"]
[White "Sanz Pueyo, Adrian"]
[Black "Cerrajeria Ruiz, Jesus Maria"]
[Result "1-0"]
[WhiteElo "2083"]
[BlackElo "2096"]
[PlyCount "87"]
[GameId "2276814096955178"]
[EventDate "2026.01.24"]
[WhiteTeam "Marcos Frechin"]
[BlackTeam "Helios"]

1. e4 c5 2. Nf3 Nc6 3. d4 cxd4 4. Nxd4 g6 5. c4 Nf6 6. Nc3 d6 7. Be2 Nxd4 8. Qxd4 Bg7 9. h3 O-O 10. Qd3 a5 11. Be3 a4 12. Rd1 Qa5 13. O-O a3 14. b4 Qxb4 15. Rb1 Qa5 16. Bb6 Qg5 17. f4 Qh4 18. Qf3 e5 19. fxe5 dxe5 20. Bc5 Ra6 21. Bxf8 Bxf8 22. Nd5 Bc5+ 23. Kh1 Kg7 24. Nxf6 Rxf6 25. Qxf6+ Qxf6 26. Rxf6 Kxf6 27. Bg4 Bxg4 28. hxg4 b6 29. Rf1+ Kg5 30. Rxf7 Kxg4 31. Kh2 h5 32. g3 g5 33. Kg2 h4 34. Rf5 h3+ 35. Kh2 Bd4 36. Rf6 Bc5 37. Rf1 Be3 38. Rf6 Bd4 39. Rf1 Bc3 40. Rd1 Ba5 41. Rd3 Bb4 42. Re3 Bc5 43. Rb3 Be7 44. Rxb6 1-0

[Event "Cto por Equipos de Aragon Division de Ho"]
[Site "?"]
[Date "2026.02.07"]
[Round "3.8"]
[White "Lacamara Pasamar, Miguel"]
[Black "Portero Garnica, Miguel Angel"]
[Result "1-0"]
[WhiteElo "2070"]
[BlackElo "2012"]
[PlyCount "113"]
[GameId "2276814096963371"]
[EventDate "2026.01.24"]
[WhiteTeam "Helios"]
[BlackTeam "Marcos Frechin"]

1. e4 e5 2. Nf3 Nc6 3. d4 exd4 4. Nxd4 Nf6 5. Bb5 Nxe4 6. O-O Bc5 7. Bxc6 dxc6 8. Re1 f5 9. Rxe4+ fxe4 10. Qh5+ g6 11. Qxc5 Qd5 12. Qxd5 cxd5 13. Nb5 Kd8 14. Bg5+ Kd7 15. Bf4 Rf8 16. Bg3 c6 17. Nc7 Rb8 18. Nxd5 cxd5 19. Bxb8 a6 20. Nc3 Ke6 21. Rd1 Bd7 22. Ba7 Bc6 23. Ne2 Ke5 24. Bd4+ Kd6 25. c4 Rf7 26. Bc3 b5 27. Bb4+ Ke5 28. Nd4 Be8 29. cxd5 Kxd5 30. Nxb5+ Kc4 31. Nd6+ Kxb4 32. Nxf7 Bxf7 33. Rd4+ Kc5 34. Rxe4 Bxa2 35. Kf1 Bb1 36. Re3 a5 37. Ke2 a4 38. Kd2 Kc4 39. f4 h5 40. Rc3+ Kb4 41. g3 Ba2 42. Rc6 Bb1 43. h3 Be4 44. Rb6+ Kc5 45. Ra6 Kb5 46. Rf6 Bf5 47. Kc3 Kc5 48. g4 hxg4 49. hxg4 Be4 50. f5 gxf5 51. gxf5 Bd5 52. Rh6 Bb3 53. Ra6 Kb5 54. Rd6 Kc5 55. Rd4 Kb5 56. Rb4+ Kc5 57. Rxb3 1-0

[Event "Cto por Equipos de Aragon Division de Ho"]
[Site "?"]
[Date "2026.02.07"]
[Round "3.9"]
[White "Llorente Zaro, Alfonso"]
[Black "Hidalgo Gracia, Andres"]
[Result "1-0"]
[WhiteElo "2427"]
[BlackElo "2105"]
[PlyCount "53"]
[GameId "2276814096971564"]
[EventDate "2026.01.24"]
[WhiteTeam "Agrupacion"]
[BlackTeam "Monzon"]

1. Nf3 Nf6 2. c4 e6 3. b3 d5 4. Bb2 Be7 5. g3 b6 6. Bg2 Bb7 7. cxd5 exd5 8. O-O O-O 9. e3 Nbd7 10. Nc3 Ba6 11. Re1 Nc5 12. Ne5 Nd3 13. Nxd3 Bxd3 14. Rc1 c5 15. Ne2 Be4 16. Nf4 Bxg2 17. Kxg2 Qd7 18. d4 c4 19. bxc4 dxc4 20. e4 Bb4 21. Re2 Rac8 22. d5 c3 23. Ba1 Rfd8 24. Qd4 Qb5 25. Bxc3 Qc4 26. Qxc4 Rxc4 27. Bxf6 1-0

[Event "Cto por Equipos de Aragon Division de Ho"]
[Site "?"]
[Date "2026.02.07"]
[Round "3.10"]
[White "Barranco Mananet, Fernando"]
[Black "Roque Sola, Jose Luis"]
[Result "0-1"]
[WhiteElo "2009"]
[BlackElo "2125"]
[PlyCount "60"]
[GameId "2276814096975661"]
[EventDate "2026.01.24"]
[WhiteTeam "Monzon"]
[BlackTeam "Agrupacion"]

1. e4 e5 2. Nf3 Nc6 3. d4 exd4 4. Nxd4 Nf6 5. Nxc6 bxc6 6. e5 Ne4 7. Qe2 Nc5 8. b3 Be7 9. Bb2 O-O 10. Nd2 a5 11. a3 d5 12. f4 f6 13. O-O-O fxe5 14. fxe5 Bg5 15. Kb1 Bxd2 16. Rxd2 Qg5 17. Rd4 Qf5 18. g4 Qg6 19. Ka2 Ba6 20. c4 a4 21. Qg2 axb3+ 22. Ka1 dxc4 23. Bxc4+ Kh8 24. Bxa6 Rxa6 25. Rc1 Nd3 26. Qe2 Nxc1 27. Qxa6 Qc2 28. e6 Ne2 29. Rf4 Nxf4 30. Qf1 Qe2 0-1

[Event "Cto por Equipos de Aragon Division de Ho"]
[Site "?"]
[Date "2026.02.07"]
[Round "3.11"]
[White "Gimenez Martinez, Alberto"]
[Black "Buil Solana, Mario"]
[Result "1/2-1/2"]
[WhiteElo "2103"]
[BlackElo "1883"]
[PlyCount "71"]
[GameId "2276814096983854"]
[EventDate "2026.01.24"]
[WhiteTeam "Agrupacion"]
[BlackTeam "Monzon"]

1. e4 c5 2. Nf3 Nc6 3. d4 cxd4 4. Nxd4 Nf6 5. Nc3 d6 6. Bg5 Bd7 7. Be2 Nxd4 8. Qxd4 Qa5 9. Bd2 Qc7 10. O-O a6 11. Bg5 Rc8 12. Rad1 Qc5 13. Qd2 Ng4 14. a3 h6 15. Bxg4 Bxg4 16. Be3 Qc6 17. f3 Be6 18. Qd4 Qc4 19. Qb6 Qc6 20. Qd4 Qc4 21. Qa7 Qc6 22. Rf2 g6 23. Bd4 Rg8 24. Rfd2 b5 25. e5 Rc7 26. Qb6 dxe5 27. Qxc6+ Rxc6 28. Bxe5 f6 29. Bd4 Kf7 30. Ne4 Bf5 31. c3 e5 32. Bf2 Be7 33. Nd6+ Bxd6 34. Rxd6 Rgc8 35. Be3 h5 36. Kf2 1/2-1/2

[Event "Cto por Equipos de Aragon Division de Ho"]
[Site "?"]
[Date "2026.02.07"]
[Round "3.12"]
[White "Rodriguez Aranda, Kevin"]
[Black "Roque Sola, Gisela"]
[Result "0-1"]
[WhiteElo "1851"]
[BlackElo "2085"]
[PlyCount "134"]
[GameId "2276814096992047"]
[EventDate "2026.01.24"]
[WhiteTeam "Monzon"]
[BlackTeam "Agrupacion"]

1. e4 e6 2. d4 d5 3. Nd2 c5 4. exd5 Qxd5 5. Ngf3 cxd4 6. Bc4 Qd8 7. Nb3 Nc6 8. Nbxd4 Nxd4 9. Qxd4 Qxd4 10. Nxd4 a6 11. O-O Nf6 12. Bg5 Bd6 13. Rad1 Bc7 14. Rfe1 O-O 15. h3 h6 16. Bc1 Rd8 17. b4 Nd5 18. a3 Nf4 19. Bb2 b5 20. Bf1 Bb7 21. g3 Ng6 22. Bg2 Bxg2 23. Kxg2 Rd6 24. Nb3 Rad8 25. Rxd6 Rxd6 26. Be5 Nxe5 27. Rxe5 Bb6 28. Re2 f6 29. Rd2 Rxd2 30. Nxd2 Bd4 31. Nb3 Bb6 32. Kf3 Kf7 33. Ke2 e5 34. Nd2 Bd4 35. c4 Bb2 36. cxb5 axb5 37. Nb1 Ke6 38. f3 Kd5 39. Kd3 f5 40. Kc2 Bd4 41. Nd2 e4 42. fxe4+ fxe4 43. Nb3 Bf2 44. g4 Ke5 45. Kd2 Bb6 46. Ke2 Kd5 47. h4 Ke5 48. g5 hxg5 49. hxg5 Kf5 50. Nc5 Bd8 51. Nb7 Be7 52. Nc5 g6 53. Nb3 Ke5 54. Nc5 Bxg5 55. a4 bxa4 56. Nxa4 Be7 57. b5 Kd4 58. b6 Bd6 59. b7 g5 60. Nb6 g4 61. Nd7 g3 62. b8=Q Bxb8 63. Nxb8 g2 64. Nc6+ Kc3 65. Kf2 e3+ 66. Kxg2 e2 67. Kf2 Kd2 0-1

[Event "Cto por Equipos de Aragon Division de Ho"]
[Site "?"]
[Date "2026.02.07"]
[Round "3.13"]
[White "Cifuentes Parada, Roberto"]
[Black "Malo Guillen, Jose Luis"]
[Result "1-0"]
[WhiteElo "2380"]
[BlackElo "2097"]
[PlyCount "97"]
[GameId "2276814096996144"]
[EventDate "2026.01.24"]
[WhiteTeam "Jaque - Aramovil"]
[BlackTeam "Las Fuentes"]

1. d4 d5 2. Nf3 c5 3. c3 cxd4 4. cxd4 Nf6 5. Nc3 Nc6 6. Bf4 e6 7. e3 Bd6 8. Bg3 a6 9. Bd3 b5 10. a4 b4 11. Nb1 Bb7 12. Nbd2 Na5 13. Rc1 h6 14. O-O Bxg3 15. hxg3 O-O 16. Nb3 Nxb3 17. Qxb3 Qb6 18. Rc5 Nd7 19. Rc2 Rfc8 20. Rfc1 Rxc2 21. Rxc2 Rc8 22. Nd2 Rxc2 23. Qxc2 Qc6 24. Qxc6 Bxc6 25. a5 Bb7 26. Nb3 Bc8 27. Kf1 Kf8 28. Ke1 Ke7 29. Kd2 Kd8 30. Kc2 Nb8 31. Nc5 Nc6 32. Bxa6 Nxa5 33. Bxc8 Kxc8 34. Nd3 b3+ 35. Kc3 f6 36. Nc5 e5 37. Nxb3 Nc4 38. Nd2 Nd6 39. Kb4 Nb7 40. dxe5 fxe5 41. Nf3 d4 42. exd4 exd4 43. Nxd4 Nd6 44. f3 h5 45. Kc5 Kd7 46. Kd5 g5 47. b4 h4 48. gxh4 gxh4 49. b5 1-0

[Event "Cto por Equipos de Aragon Division de Ho"]
[Site "?"]
[Date "2026.02.07"]
[Round "3.14"]
[White "Alonso Blasco, Jose Miguel"]
[Black "Escartin Lacasa, Jose"]
[Result "0-1"]
[WhiteElo "1903"]
[BlackElo "2292"]
[PlyCount "78"]
[GameId "2276814097004337"]
[EventDate "2026.01.24"]
[WhiteTeam "Las Fuentes"]
[BlackTeam "Jaque - Aramovil"]

1. e4 c5 2. Nf3 Nc6 3. Bb5 g6 4. O-O Bg7 5. c3 e5 6. d4 cxd4 7. cxd4 exd4 8. e5 Nge7 9. Bg5 O-O 10. Bxc6 dxc6 11. Bxe7 Qxe7 12. Qxd4 Rd8 13. Qf4 f6 14. exf6 Qxf6 15. Qxf6 Bxf6 16. Nc3 Bf5 17. h3 Rd3 18. Rac1 Rad8 19. Kh2 Re8 20. Na4 Rd5 21. Rfe1 Rxe1 22. Rxe1 Ra5 23. b3 Kf7 24. g4 Be6 25. Rc1 Bd5 26. Kg3 b5 27. Nc3 Bxc3 28. Rxc3 Rxa2 29. Ne5+ Kg7 30. Nxc6 a5 31. Nd4 b4 32. Rc5 Bf7 33. f3 Rd2 34. Nc6 a4 35. bxa4 b3 36. Rb5 b2 37. a5 Ba2 38. Rb7+ Kf8 39. Rb8+ Kf7 0-1

[Event "Cto por Equipos de Aragon Division de Ho"]
[Site "?"]
[Date "2026.02.07"]
[Round "3.15"]
[White "Ereza Vizcarra, Fernando"]
[Black "Artal Alegria, Francisco Javier"]
[Result "1-0"]
[WhiteElo "2151"]
[BlackElo "1864"]
[PlyCount "89"]
[GameId "2276814097012530"]
[EventDate "2026.01.24"]
[WhiteTeam "Jaque - Aramovil"]
[BlackTeam "Las Fuentes"]

1. Nf3 Nf6 2. b3 g6 3. Bb2 Bg7 4. g3 b6 5. Bg2 Bb7 6. c4 c5 7. O-O O-O 8. e3 Na6 9. Qe2 e6 10. Rd1 Qe7 11. Nc3 Nc7 12. Rac1 Rfd8 13. d3 d6 14. d4 Ne4 15. Qc2 Nxc3 16. Bxc3 a5 17. e4 e5 18. d5 b5 19. a4 b4 20. Bd2 Rf8 21. Ne1 Rad8 22. Nd3 Na6 23. Rf1 Bc8 24. Rce1 Bd7 25. Kh1 Nc7 26. f4 f6 27. Be3 Rf7 28. Qd2 Bc8 29. Rf2 Na6 30. Ref1 Rdf8 31. f5 Qc7 32. Bh3 Nb8 33. Qe2 g5 34. Bg4 Bh6 35. Bh5 Rg7 36. Rg2 Bd7 37. Nf2 Re7 38. h4 Be8 39. Bxe8 Rexe8 40. Qh5 Bg7 41. hxg5 fxg5 42. Bxg5 Qf7 43. Qh3 Nd7 44. Ng4 Nf6 45. Bxf6 1-0

[Event "Cto por Equipos de Aragon Division de Ho"]
[Site "?"]
[Date "2026.02.07"]
[Round "3.16"]
[White "Edeso Perez, Francisco"]
[Black "Montoro Mavilla, Sergio"]
[Result "0-1"]
[WhiteElo "1768"]
[BlackElo "1962"]
[PlyCount "70"]
[GameId "2276814097016627"]
[EventDate "2026.01.24"]
[WhiteTeam "Las Fuentes"]
[BlackTeam "Jaque - Aramovil"]

1. d4 d5 2. c4 e6 3. cxd5 exd5 4. Nc3 Be7 5. Nf3 c6 6. Bf4 Bf5 7. e3 Nf6 8. Be2 h6 9. O-O Nbd7 10. Ne5 O-O 11. Nxd7 Qxd7 12. Rc1 Rae8 13. Qa4 a6 14. b4 Ne4 15. Nxe4 Bxe4 16. Qb3 g5 17. Be5 Bg6 18. h3 h5 19. a4 g4 20. hxg4 hxg4 21. b5 axb5 22. axb5 c5 23. dxc5 Bxc5 24. Bf4 Bb6 25. Bh6 g3 26. Bxf8 gxf2+ 27. Kh1 Rxe3 28. Rc3 Rxe2 29. Bh6 Re1 30. Rc1 Re4 31. Qg3 Rg4 32. Qh2 Be4 33. Rc3 Rxg2 34. Qxg2+ Qg4 35. Qxe4 Qg1+ 0-1

[Event "Cto por Equipos de Aragon Division de Ho"]
[Site "?"]
[Date "2026.02.07"]
[Round "3.17"]
[White "Lamas Mercadal, Manuel"]
[Black "Villuendas Valero, Adrian"]
[Result "1/2-1/2"]
[WhiteElo "2174"]
[BlackElo "2288"]
[PlyCount "95"]
[GameId "2276814097024820"]
[EventDate "2026.01.24"]
[WhiteTeam "ONCE C.A. Aragon- Delicias"]
[BlackTeam "Aulazenter"]

1. e4 e6 2. d4 d5 3. Nc3 Bb4 4. Nge2 dxe4 5. a3 Bxc3+ 6. Nxc3 Nc6 7. d5 exd5 8. Qxd5 Be6 9. Qxd8+ Rxd8 10. Bf4 Nf6 11. Bxc7 Rd7 12. Bf4 O-O 13. Bb5 Rc8 14. Bg5 a6 15. Bxc6 Rxc6 16. Bxf6 gxf6 17. Rd1 Rxd1+ 18. Kxd1 f5 19. Kc1 Kg7 20. Rd1 Kf6 21. Ne2 Ke5 22. g3 Rc8 23. Nf4 b5 24. c3 a5 25. Rd4 Bc4 26. Rd7 b4 27. Ra7 bxc3 28. Rxa5+ Kd4 29. bxc3+ Kxc3 30. Nd5+ Kd3 31. Nb6 Rc6 32. Nxc4 Rxc4+ 33. Kd1 e3 34. fxe3 Kxe3 35. Re5+ Kf3 36. Rxf5+ Kg2 37. Rxf7 Kxh2 38. Rxh7+ Kxg3 39. Rb7 Rc3 40. a4 Kf4 41. Rb4+ Ke5 42. Kd2 Ra3 43. Kc2 Kd6 44. Kb2 Rh3 45. a5 Kc5 46. Rb8 Rh4 47. Kb3 Rh3+ 48. Kb2 1/2-1/2